MARC

LEADER 00000nam0a2200000 4500
001 293386
005 20231102000604.0
010 |b 10050 экз. 
035 |a (RuTPU)RU\TPU\book\318399 
035 |a RU\TPU\book\258410 
090 |a 293386 
100 |a 20150429d1921 m y0rusy50 ca 
101 0 |a rus 
102 |a RU 
105 |a a j 000zy 
200 1 |a Теоретическая механика. Статика и графостатика  |f Н. Е. Жуковский  |g РСФСР, Высший совет народного хозяйства (ВСНХ), Научно-технический отдел 
210 |a Москва  |c Государственное техническое изд-во  |d 1921 
215 |a 139 с.  |c черт. 
225 1 |a Инженерно-промышленная библиотека  |e Б. Серия 4  |h № V-2 
300 |a 20-я Государственная типография (быв. Кушнерева) 
317 |5 63413507: 7//539  |a Поступил в НТБ в период с 1915 по 1925 гг. в дар от профессора И. И. Бобарыкова 
606 1 |a Механика теоретическая  |2 stltpush  |3 (RuTPU)RU\TPU\subj\59441  |9 76991 
610 1 |a статика 
610 1 |a моменты сил 
610 1 |a центр тяжести 
610 1 |a теория пар 
610 1 |a равновесие 
610 1 |a устойчивость 
610 1 |a теория весов 
610 1 |a трение 
610 1 |a графическая статика 
610 1 |a учебные пособия 
610 1 |a Коллекция И. И. Бобарыкова 
675 |a 531(075.8)  |v 3 
700 1 |a Жуковский  |b Н. Е.  |c российский ученый  |c основоположник современной аэродинамики  |f 1847-1921  |g Николай Егорович  |2 stltpush  |3 (RuTPU)RU\TPU\pers\979 
712 0 1 |a РСФСР  |b Высший совет народного хозяйства (ВСНХ). Научно-технический отдел  |c (1917-1932)  |2 stltpush  |3 (RuTPU)RU\TPU\col\20074 
801 1 |a RU  |b 63413507  |c 20130513 
801 2 |a RU  |b 63413507  |c 20210415  |g RCR 
942 |c BK